Drapeaux en 30 secondes #6 - Statistiques

Statistiques générales
  • Ce quiz a été pris 331 fois
  • Le résultat moyen est 10 sur 15
Statistiques - réponses
Hint Réponse % Correct
États-unis 🇺🇸
79%
Égypte 🇪🇬
79%
Mexique 🇲🇽
78%
Canada 🇨🇦
76%
Pérou 🇵🇪
75%
Angola 🇦🇴
71%
Tunisie 🇹🇳
71%
Kenya 🇰🇪
67%
Algérie 🇩🇿
65%
Malawi 🇲🇼
63%
Mauritanie 🇲🇷
62%
Afrique du sud 🇿🇦
58%
Tanzanie 🇹🇿
57%
Saint-Vincent-et-les-Grenadines 🇻🇨
54%
Comores 🇰🇲
47%
Aucun quiz correspondant
Distribution des résultats
% des personnes avec chaque résultat
Percentile par nombre de réponses
Votre historique - résultats
Vous n’avez pas pris ce quiz